01672 a2200169 4500001000700000020001800007040003200025100003700057245001500094250001100109260001600120300003700136362000900173520127000182650002401452650002601476121464 a9788577431250 cEscola Canadense de Niteroi aLuedemann, Cecília da Silveira10aCarrapicho a1. ed. aSão Paulo a63 p.bil.c7 x 24 cm (brochura)0 a2009 aVim de longe pra segredar outros entendimentos na leitura desta lindura da Carrapicho. Não quero contar para todo mundo esses segredos guardados por muito tempo. Sobre mudanças acontecidas no mundo, só por conta das crianças. Só conto para crianças! Adultos, por favor, pulem as próximas páginas. A leitura e a prosa agora é com quem brinca, ri, sapeca, moleca, se lambuza e pede bis. É só bater os olhos nas primeiras linhas prá sentir um comichão: mudar pra vila Ventania e viver na inventação, com gostosuras e como amigos - irmãos... Aviso pro leitor: nem pense que só vai ler devagarando, páginas sobre o bem bom... Logo, fenômenos sem explicação, sumiços e medos, dissequemedisses do mais fundo do oceano profundo galopam pelas páginas e, quando os vendavais comedores de gente dão notícia, não tem como... foi fisgado pela história. Fissurou total. E você, grudado na história e deliciado, que quase toda a escrivinhação soava como música, espantou ouvindo sua voz sair leve e solta, lendo e cantarolando junto... os pés impacientes, marcaram o ritmo das acontecências dadas pelas palavras... aí, você parou e pensou. Não tem como fazer acontecer nada mais emocionante... Ah, tem...!  4aLiteratura Infantil 4aLiteratura Brasileira